Estações de aquicultura (Record no. 163670)
[ view plain ]
| 000 -LEADER | |
|---|---|
| campo de control de longitud fija | 00726nam a22001935i 4500 |
| 001 - NÚMERO DE CONTROL | |
| campo de control | 163670 |
| 003 - IDENTIFICADOR DE NÚMERO DE CONTROL | |
| campo de control | ES-MaACL |
| 005 - FECHA Y HORA DE LA ÚLTIMA TRANSACCIÓN | |
| campo de control | 20251122063134.0 |
| 008 - DATOS DE LONGITUD FIJA--INFORMACIÓN GENERAL | |
| campo de control de longitud fija | 050719s1892 po | |||||||| ||por d |
| 040 ## - FUENTE DE CATALOGACIÓN | |
| Centro catalogador/agencia de origen | CAM |
| Lengua de catalogación | spa |
| Centro/agencia transcriptor | CAM |
| 100 1# - ENTRADA PRINCIPAL--NOMBRE DE PERSONA | |
| Nombre de persona | Peixoto, Rocha, |
| Fechas asociadas al nombre | 1868-1909 |
| 9 (RLIN) | 148566 |
| 245 10 - MENCIÓN DEL TÍTULO | |
| Título | Estações de aquicultura |
| Resto del título | : memoria / |
| Mención de responsabilidad, etc. | por A.A. da Rocha Peixoto. |
| 260 ## - PUBLICACIÓN, DISTRIBUCIÓN, ETC. | |
| Lugar de publicación, distribución, etc. | Lisboa : |
| Nombre del editor, distribuidor, etc. | Imprensa Nacional, |
| Fecha de publicación, distribución, etc. | 1892. |
| 300 ## - DESCRIPCIÓN FÍSICA | |
| Extensión | 17 p. ; |
| Dimensiones | 24 cm. |
| 594 ## - Nota al título y mención de responsabilidad | |
| Nota al título y mención de responsabilidad | Precede al tit.: Congresso Pedagogico Hispano-Portuguez-Americano, Secção Portugueza. |
| 650 #7 - PUNTO DE ACCESO ADICIONAL DE MATERIA--TÉRMINO DE MATERIA | |
| Término de materia o nombre geográfico como elemento de entrada | Agua |
| Fuente del encabezamiento o término | embne |
| 9 (RLIN) | 135514 |
| 852 ## - LOCALIZACIÓN | |
| Ubicación | ES-MaACL |
| Número de control de estantería | T-1120-F-11 |
| Nota libre | -- Enc hol. conservando la cub. original |
| -- | -- Enc. en un vol. facticio |
| Estatus retirado | Estado de pérdida | Estado de daño | No para préstamo | Colección | Biblioteca de origen | Biblioteca actual | Ubicación en estantería | Fecha de adquisición | Total de préstamos | Signatura topográfica completa | Código de barras | Visto por última vez | Precio de reemplazo | Tipo de ítem Koha |
|---|---|---|---|---|---|---|---|---|---|---|---|---|---|---|
| Colección de folletos | Biblioteca del Ateneo de Madrid | Biblioteca del Ateneo de Madrid | Depósito folletos | 17/01/2008 | T-1120-F-11 | 1171513 | 23/02/2023 | 23/02/2023 | Folleto |
